Nirvana - All Apologies - Statistics

General Stats
  • This quiz has been taken 521 times
  • The average score is 77 of 108
Answer Stats
Answer % Correct
I
99%
all
98%
apologies
97%
what
91%
is
89%
the
89%
else
88%
gay
86%
should
86%
be
85%
everyone
85%
in
85%
say
83%
could
79%
sun
78%
have
76%
don't
75%
as
73%
on
73%
write
73%
married
68%
you
68%
feel
67%
right
66%
like
63%
one
63%
was
62%
wish
62%
easily
61%
amused
60%
buried
57%
my
53%
we
47%
of
46%
everything
45%
fault
45%
are
42%
take
40%
blame
39%
I'll
38%
yeah
36%
ashes
35%
salt
35%
shame
34%
aqua
32%
choking
32%
find
30%
nest
30%
sunburn
27%
seafoam
25%
enemy
23%
her
22%
freezeburn
6%
with
4%
No matching quizzes found
Score Distribution
Percent of People with Each Score
Percentile by Number Answered
Your Score History
You have not taken this quiz